Guess the Louis Tomlinson song with no hints #12 - Statistics

General Stats
  • This quiz has been taken 60 times
  • The average score is 164 of 211
Answer Stats
Answer % Correct
A
100%
a
100%
I
100%
you
100%
the
97%
your
97%
it
94%
It's
94%
it's
94%
no
94%
to
94%
be
91%
we
91%
When
91%
when
91%
I'm
88%
Not
88%
You're
88%
all
84%
All
84%
for
84%
So
84%
so
84%
we're
84%
what
84%
Can
81%
in
81%
is
81%
know
81%
me
81%
say
81%
that
81%
don't
78%
Don't
78%
I've
78%
babe
75%
come
75%
if
75%
I'll
75%
over
75%
us
75%
want
75%
written
75%
back
72%
face,
72%
face
72%
get
72%
Hey,
72%
now?
72%
hurricane
69%
door
66%
hear
66%
morning
66%
please
66%
ready
66%
up
66%
war
66%
Cause
63%
coffee
63%
Got
63%
behind
59%
cold,
59%
even
59%
good,
59%
loving?
59%
nearly
59%
nothing
59%
saying
59%
something
59%
treatment
59%
trouble
59%
vertical
59%
yet
59%
atmosphere's
56%
chance
56%
enough
56%
finished
56%
hungover
56%
really
56%
woken
56%
giving
53%
hard
53%
out
53%
silent
53%
sober
53%
talk
53%
distance
50%
getting
50%
achieving
47%
ain't
47%
find
47%
thunder
47%
close
41%
fighting
41%
hole
38%
No matching quizzes found
Score Distribution
Percent of People with Each Score
Percentile by Number Answered
Your Score History
You have not taken this quiz